| 000 | 00384nam a2200157Ia 4500 | ||
|---|---|---|---|
| 008 | 180207s9999 xx 000 0 und d | ||
| 020 | _a9789835101991 | ||
| 050 | _bF233 1998 | ||
| 245 | _aFarm animals / | ||
| 260 | _aGoregaon : | ||
| 260 | _bSheth Publishing House, | ||
| 260 | _c1998 | ||
| 300 | _aunpaged : | ||
| 300 | _bcolor illustration ; | ||
| 440 | _aCan be wiped clean. | ||
| 999 |
_c355267 _d355267 |
||